Evaluation and poverty reduction (Record no. 399189)

000 -LEADER
fixed length control field 00517cam a22001577a 4500
008 - FIXED-LENGTH DATA ELEMENTS--GENERAL INFORMATION
fixed length control field 180718b2001 xxu||||| |||| 00| 0 eng d
020 ## - INTERNATIONAL STANDARD BOOK NUMBER
International Standard Book Number 0765808765
082 ## - DEWEY DECIMAL CLASSIFICATION NUMBER
Classification number Q31 F327
245 ## - TITLE STATEMENT
Title Evaluation and poverty reduction
Statement of responsibility, etc. edited by Osvaldo N. Feinstein and Robert Picciotto
260 ## - PUBLICATION, DISTRIBUTION, ETC.
Place of publication, distribution, etc. London
Name of publisher, distributor, etc. Transaction
Date of publication, distribution, etc. 2001
300 ## - PHYSICAL DESCRIPTION
Extent 382p.
440 ## - SERIES STATEMENT/ADDED ENTRY--TITLE
Title World Bank series on evaluation and development; 3
650 ## - SUBJECT ADDED ENTRY--TOPICAL TERM
Topical term or geographic name entry element Poverty - Evaluation - Methodology
700 ## - ADDED ENTRY--PERSONAL NAME
Personal name Picciotto, Robert
700 ## - ADDED ENTRY--PERSONAL NAME
Personal name Feinstein, Osvaldo N.
Holdings
Withdrawn status Lost status Damaged status Not for loan Permanent Location Current Location Date acquired Full call number Barcode Date last seen Price effective from Koha item type
        Indian Institute of Public Administration Indian Institute of Public Administration 2002-02-19 Q31 F327 77181 2018-07-21 2018-07-21 Book

Powered by Koha